00320nam a2200109Ia 4500008004100000082000800041100001400049245003100063942000600094952009500100999001500195240331s9999 xx 000 0 und d bKAN aKanthi, K 0aNattar valviyalum panpadum cL 001040708LaWERCLbWERCLcSSCd2024-03-31l0o 398 KANp3673r2024-03-31w2024-03-31yL c3641d3641